[Event "Hessen-ch Seniors op 10th"]
[Site "Bad Sooden-Allendorf"]
[Date "2014.04.29"]
[Round "4"]
[White "Grueneschild, Hildegard"]
[Black "Fritsche, Rainer"]
[Result "1-0"]
[WhiteElo "1562"]
[BlackElo "1656"]
[PlyCount "30"]
[EventDate "2014.04.26"]
[EventType "swiss"]
[EventRounds "9"]
[EventCountry "GER"]
[SourceTitle "EXT 2018"]
[Source "ChessBase"]
[SourceDate "2017.10.13"]
[SourceVersion "1"]
[SourceVersionDate "2017.10.13"]
[SourceQuality "1"]

1. c4 f5 2. Nf3 Nf6 3. d3 h6 4. g3 d6 5. Bg2 c6 6. Nc3 e6 7. 0-0 Nbd7 8. e4 Nb6 9. Re1 Kf7 10. exf5 e5 11. Nh4 Rg8 12. Qb3 Ke8 13. c5 Nbd5 14. Nxd5 cxd5 15. d4 e4 1-0

[Event "Staufenberg Muender op 1st"]
[Site "Staufenberg"]
[Date "2011.06.11"]
[Round "2"]
[White "Krausse, Eckhard"]
[Black "Fritsche, Rainer"]
[Result "1-0"]
[WhiteElo "2011"]
[BlackElo "1657"]
[PlyCount "35"]
[EventDate "2011.06.10"]
[EventType "swiss"]
[EventRounds "7"]
[EventCountry "GER"]
[SourceTitle "CBM 142 Extra"]
[Source "ChessBase"]
[SourceDate "2011.06.27"]
[SourceVersion "1"]
[SourceVersionDate "2011.06.27"]
[SourceQuality "1"]

1. e4 e6 2. d3 d5 3. Nd2 c5 4. Ngf3 Nc6 5. g3 Bd6 6. Bg2 b6 7. 0-0 Bb7 8. Re1 Na5 9. e5 Be7 10. Nf1 Bf8 11. Ng5 Qc7 12. Ne3 h6 13. Qh5 g6 14. Qh3 Bg7 15. Nxe6 fxe6 16. Qxe6+ Qe7 17. Qxg6+ Kd8 18. Nf5 1-0

[Event "Hessen-ch Seniors op 07th"]
[Site "Bad Sooden-Allendorf"]
[Date "2011.05.07"]
[Round "8"]
[White "Fritsche, Rainer"]
[Black "Jobski, Werner"]
[Result "0-1"]
[WhiteElo "1386"]
[BlackElo "1559"]
[PlyCount "114"]
[EventDate "2011.04.30"]
[EventType "swiss"]
[EventRounds "9"]
[EventCountry "GER"]
[SourceTitle "EXT 2012"]
[Source "ChessBase"]
[SourceDate "2011.11.24"]
[SourceVersion "1"]
[SourceVersionDate "2011.11.24"]
[SourceQuality "1"]

1. d4 Nf6 2. Nf3 d5 3. Bf4 Nc6 4. h3 e6 5. c3 Bd6 6. e3 0-0 7. Bd3 Re8 8. 0-0 Ne7 9. Nbd2 Ng6 10. Bxd6 Qxd6 11. Bxg6 hxg6 12. Qc2 b6 13. Rfe1 Bb7 14. Ne5 c5 15. Ndf3 Ne4 16. Nd2 Nxd2 17. Qxd2 g5 18. Nf3 f6 19. a3 Kf7 20. Kf1 Rh8 21. Ke2 a5 22. Rg1 Ba6+ 23. Ke1 Bc4 24. Kd1 b5 25. Kc2 a4 26. Rae1 b4 27. dxc5 Qxc5 28. axb4 Bb3+ 29. Kc1 Qc4 30. Qd4 a3 31. Qxc4 dxc4 32. bxa3 Rxa3 33. Nd4 Ra2 34. Nxb3 cxb3 35. f3 Rd8 36. Kb1 Rdd2 37. b5 Rdb2+ 38. Kc1 Rc2+ 39. Kb1 Rxc3 40. e4 Rc5 41. b6 Rb5 42. Rc1 Rxb6 43. Rc7+ Kg6 44. Rc3 Rba6 45. Rgc1 Rxg2 46. Rxb3 Rh2 47. Rg1 Rxh3 48. Rg2 e5 49. Kb2 Rc6 50. Rf2 g4 51. Rg2 g3 52. Ka3 Ra6+ 53. Kb4 Rb6+ 54. Kc3 Rxb3+ 55. Kxb3 Kg5 56. Rc2 Kf4 57. Rc1 g2 0-1

[Event "Hessen-ch Seniors op 07th"]
[Site "Bad Sooden-Allendorf"]
[Date "2011.05.04"]
[Round "5"]
[White "Wieprecht, Gerhard"]
[Black "Fritsche, Rainer"]
[Result "1-0"]
[WhiteElo "1764"]
[BlackElo "1386"]
[PlyCount "50"]
[EventDate "2011.04.30"]
[EventType "swiss"]
[EventRounds "9"]
[EventCountry "GER"]
[SourceTitle "EXT 2012"]
[Source "ChessBase"]
[SourceDate "2011.11.24"]
[SourceVersion "1"]
[SourceVersionDate "2011.11.24"]
[SourceQuality "1"]

1. e4 e6 2. d4 d5 3. Nc3 Nf6 4. Bg5 Be7 5. e5 Nfd7 6. h4 a6 7. Qg4 h5 8. Bxe7 hxg4 9. Bxd8 Kxd8 10. f4 c5 11. dxc5 Nxc5 12. 0-0-0 b5 13. a3 Kc7 14. Bd3 Bb7 15. Re1 Nxd3+ 16. cxd3 Nd7 17. a4 Kb6 18. Nge2 Rac8 19. Kb1 g6 20. g3 Rc7 21. Rc1 Ka7 22. axb5 Rd8 23. Rhd1 Kb6 24. Rc2 f5 25. exf6 Nxf6 1-0

[Event "Hessen-ch Seniors op 05th"]
[Site "Bad Sooden-Allendorf"]
[Date "2009.05.02"]
[Round "8"]
[White "Auerswald, Gottfried"]
[Black "Fritsche, Rainer"]
[Result "1-0"]
[WhiteElo "1446"]
[BlackElo "1378"]
[PlyCount "167"]
[EventDate "2009.04.25"]
[EventType "swiss"]
[EventRounds "9"]
[EventCountry "GER"]
[SourceTitle "EXT 2022"]
[Source "ChessBase"]
[SourceDate "2021.10.06"]
[SourceVersion "1"]
[SourceVersionDate "2021.10.06"]
[SourceQuality "1"]

1. e4 g6 2. d4 d6 3. Nf3 Bg7 4. Bc4 h6 5. 0-0 Nd7 6. Nbd2 Rb8 7. Qe2 a6 8. a4 b6 9. c3 Bb7 10. Bxa6 Bxa6 11. Qxa6 Qc8 12. Qe2 e6 13. Re1 Ne7 14. Nc4 0-0 15. Ne3 h5 16. Ng5 Nf6 17. h3 Ra8 18. Bd2 Qb7 19. Nc2 c5 20. Qf3 Nh7 21. Qg3 Rfd8 22. f3 Qd7 23. b3 Rdc8 24. Nxh7 Kxh7 25. Qf4 Ng8 26. Qe3 Bh6 27. Qe2 Bxd2 28. Qxd2 Ra7 29. c4 Kg7 30. Na3 Raa8 31. Nb5 Qd8 32. Qc3 Kf8 33. Rad1 Qf6 34. Qe3 Rd8 35. dxc5 dxc5 36. e5 Qg7 37. Rd6 Rxd6 38. Nxd6 Rb8 39. Qe4 Ne7 40. Re3 Kg8 41. Kf2 g5 42. Ke2 Qg6 43. Rd3 Qxe4+ 44. Nxe4 Nc6 45. Nxg5 Nxe5 46. Rd2 Kg7 47. Ke3 Rb7 48. h4 Nc6 49. Ne4 Nd4 50. Rb2 Nf5+ 51. Kf2 Nxh4 52. g3 Nf5 53. g4 hxg4 54. fxg4 Nd4 55. Ke3 Rb8 56. Nd2 Rh8 57. b4 Rh3+ 58. Ke4 Rh4 59. bxc5 bxc5 60. a5 f5+ 61. Ke5 Rxg4 62. a6 Kh6 63. Kd6 Rg8 64. a7 Ra8 65. Rb7 f4 66. Kxc5 Nf5 67. Kb6 Nd6 68. c5 Nc8+ 69. Ka6 e5 70. Nc4 e4 71. Nb6 Nxb6 72. cxb6 Rd8 73. Rb8 Rd3 74. a8Q Ra3+ 75. Kb7 Rxa8 76. Rxa8 f3 77. Kc7 f2 78. Ra1 e3 79. b7 e2 80. b8Q e1Q 81. Qb6+ Kh7 82. Qb1+ Qxb1 83. Rxb1 Kg6 84. Rf1 1-0

[Event "Hessen-ch Seniors op 05th"]
[Site "Bad Sooden-Allendorf"]
[Date "2009.04.30"]
[Round "6"]
[White "Dinius, Helmut"]
[Black "Fritsche, Rainer"]
[Result "1/2-1/2"]
[WhiteElo "1587"]
[BlackElo "1378"]
[PlyCount "109"]
[EventDate "2009.04.25"]
[EventType "swiss"]
[EventRounds "9"]
[EventCountry "GER"]
[SourceTitle "EXT 2022"]
[Source "ChessBase"]
[SourceDate "2021.10.06"]
[SourceVersion "1"]
[SourceVersionDate "2021.10.06"]
[SourceQuality "1"]

1. e4 d6 2. d3 g6 3. Bd2 Nf6 4. Bc3 Nc6 5. f4 e5 6. Bd2 Bg7 7. Nc3 a6 8. Be2 0-0 9. Nf3 Re8 10. 0-0 Bg4 11. fxe5 dxe5 12. Be3 b6 13. Bf2 Nh5 14. g3 Nf6 15. Nh4 Bxe2 16. Qxe2 Qd7 17. Kg2 Rf8 18. Rab1 Rad8 19. Nf3 Nh5 20. Be3 Nf6 21. a3 Ng4 22. h3 Nf6 23. Bg5 Rde8 24. Nh2 Qe6 25. Qf2 Nd7 26. Ng4 Kh8 27. Nf6 Nxf6 28. Bxf6 Bxf6 29. Qxf6+ Qxf6 30. Rxf6 Ne7 31. Rbf1 Kg7 32. g4 Rd8 33. R1f2 Rd7 34. Ne2 Rd6 35. Rxd6 cxd6 36. c4 Nc6 37. Rf1 Rb8 38. Rc1 Na5 39. b4 Nb7 40. Nc3 Rc8 41. a4 h6 42. Kf3 Rb8 43. Rb1 Nd8 44. Nd5 Ne6 45. Nc3 Nf4 46. h4 Rc8 47. Nd5 Nxd5 48. cxd5 f6 49. Rb2 Rc3 50. Ke2 Kf7 51. b5 a5 52. Ra2 Ke7 53. Kd2 Rc7 54. Rc2 Rxc2+ 55. Kxc2 1/2-1/2

[Event "Hessen-ch Seniors op 04th"]
[Site "Bad Sooden-Allendorf"]
[Date "2008.04.28"]
[Round "5"]
[White "Fritsche, Rainer"]
[Black "Narr, Irmgard"]
[Result "0-1"]
[WhiteElo "1358"]
[BlackElo "1590"]
[PlyCount "174"]
[EventDate "2008.04.24"]
[EventType "swiss"]
[EventRounds "9"]
[EventCountry "GER"]
[SourceTitle "EXT 2022"]
[Source "ChessBase"]
[SourceDate "2021.10.06"]
[SourceVersion "1"]
[SourceVersionDate "2021.10.06"]
[SourceQuality "1"]

1. d4 Nf6 2. Nf3 e6 3. Bf4 b6 4. g3 Bb7 5. Bg2 Be7 6. 0-0 d6 7. Nbd2 Nbd7 8. Re1 0-0 9. a3 Nh5 10. Be3 Re8 11. c4 Nf8 12. Rc1 c5 13. dxc5 dxc5 14. Qc2 Nf6 15. Rcd1 Qc7 16. Bf4 Qc8 17. h3 Bc6 18. Nh2 Bxg2 19. Kxg2 Qc6+ 20. Nhf3 Ng6 21. Be3 Bf8 22. Kg1 Rad8 23. Nb1 e5 24. Rxd8 Rxd8 25. Nc3 Qe6 26. Nd5 Nxd5 27. cxd5 Qxd5 28. Nd2 Qe6 29. Kh2 f5 30. Qc4 Qxc4 31. Nxc4 f4 32. Bc1 Rd4 33. b3 Rd7 34. Bb2 fxg3+ 35. fxg3 e4 36. Kg2 Rd5 37. Bc3 b5 38. Ne3 Rd7 39. Rd1 Rxd1 40. Nxd1 Be7 41. Bb2 Kf7 42. Ne3 Bf6 43. Bxf6 gxf6 44. Kf2 Ke6 45. Nd1 Ne7 46. Ke3 f5 47. Nc3 a6 48. Kf4 h6 49. g4 Ng6+ 50. Ke3 fxg4 51. hxg4 Ne5 52. Kf4 e3 53. Kxe3 Nxg4+ 54. Kf4 Nf6 55. e4 c4 56. bxc4 bxc4 57. Ne2 Nd7 58. Nd4+ Kf6 59. Ne2 h5 60. Nc3 Ke6 61. Kg5 Nf6 62. Kf4 h4 63. Ne2 Nh5+ 64. Ke3 Ke5 65. Kf3 Ng3 66. Nc3 Nh5 67. Ke3 h3 68. Kf3 h2 69. Kg2 h1Q+ 70. Kxh1 Ng3+ 71. Kg1 Nxe4 72. Ne2 Kd5 73. Kf1 c3 74. Ke1 Kc4 75. Nc1 c2 76. Ke2 Kc3 77. Ke3 Nc5 78. Ne2+ Kb2 79. Kd4 Nb3+ 80. Kc4 Kxa3 81. Kc3 c1Q+ 82. Nxc1 Nxc1 83. Kc2 Nb3 84. Kb1 a5 85. Kc2 a4 86. Kc3 Na1 87. Kc4 Kb2 0-1

[Event "Hessen-ch Seniors op 04th"]
[Site "Bad Sooden-Allendorf"]
[Date "2008.04.27"]
[Round "4"]
[White "Blask, Gerhard"]
[Black "Fritsche, Rainer"]
[Result "1/2-1/2"]
[WhiteElo "1581"]
[BlackElo "1358"]
[PlyCount "129"]
[EventDate "2008.04.24"]
[EventType "swiss"]
[EventRounds "9"]
[EventCountry "GER"]
[SourceTitle "EXT 2022"]
[Source "ChessBase"]
[SourceDate "2021.10.06"]
[SourceVersion "1"]
[SourceVersionDate "2021.10.06"]
[SourceQuality "1"]

1. e4 c5 2. d3 Nc6 3. Nf3 d6 4. g3 Nf6 5. Bg2 g6 6. 0-0 Bg7 7. c3 0-0 8. Re1 Re8 9. Nbd2 Qc7 10. Nf1 Bd7 11. Ne3 h6 12. Nh4 Kh7 13. f4 e6 14. g4 Ng8 15. Nf3 Nge7 16. Qe2 a6 17. Qf2 b5 18. Bd2 Rad8 19. Qh4 Kg8 20. Rad1 Bc8 21. Nf1 f5 22. exf5 exf5 23. g5 h5 24. Ne3 Kf8 25. Re2 d5 26. Rde1 d4 27. cxd4 Nxd4 28. Nxd4 Bxd4 29. Kf1 Bb7 30. Bc3 Bxg2+ 31. Nxg2 Bxc3 32. bxc3 Rxd3 33. Re3 Rxe3 34. Nxe3 Qc6 35. Qf2 Rd8 36. Re2 Rd3 37. c4 b4 38. Qg3 a5 39. Qg2 Qxg2+ 40. Kxg2 Kf7 41. Kf2 a4 42. Nf1 Nc6 43. Rd2 Rxd2+ 44. Nxd2 Na5 45. Ke3 b3 46. a3 Ke6 47. Kd3 Nc6 48. Nb1 Nd4 49. Nc3 b2 50. Kd2 Kd6 51. h3 Kc6 52. Kd3 h4 53. Kd2 Nf3+ 54. Kc2 Ng1 55. Kxb2 Nxh3 56. Nd5 Kd6 57. Kc3 Nf2 58. Ne3 h3 59. Nf1 Ng4 60. Kd2 h2 61. Ng3 Nf2 62. Ke2 h1Q 63. Nxh1 Nxh1 64. Kf3 Ke6 65. Kg2 1/2-1/2

[Event "Hessen-ch Seniors op 04th"]
[Site "Bad Sooden-Allendorf"]
[Date "2008.04.25"]
[Round "2"]
[White "Kluever, Horst"]
[Black "Fritsche, Rainer"]
[Result "1-0"]
[WhiteElo "1717"]
[BlackElo "1358"]
[PlyCount "103"]
[EventDate "2008.04.24"]
[EventType "swiss"]
[EventRounds "9"]
[EventCountry "GER"]
[SourceTitle "EXT 2022"]
[Source "ChessBase"]
[SourceDate "2021.10.06"]
[SourceVersion "1"]
[SourceVersionDate "2021.10.06"]
[SourceQuality "1"]

1. e4 e6 2. d4 d5 3. e5 c5 4. c3 Nc6 5. a3 Qb6 6. Nf3 Nge7 7. dxc5 Qxc5 8. Be3 Qa5 9. Bd3 Ng6 10. b4 Qc7 11. Bxg6 hxg6 12. Bd4 Be7 13. Qd3 Bd7 14. Nbd2 a6 15. Nb3 Rd8 16. Rc1 b5 17. Qe3 Ra8 18. Bb6 Qc8 19. Bc5 Qd8 20. Bxe7 Qxe7 21. Nc5 Bc8 22. Nd4 Nxd4 23. cxd4 0-0 24. 0-0 f6 25. f4 f5 26. Qg3 Kf7 27. Rf3 Rh8 28. Rfc3 Ra7 29. Nd3 Bd7 30. Ne1 Qh4 31. Nf3 Qxg3 32. hxg3 Ke7 33. Nh4 Rb8 34. Nxg6+ Kf7 35. Nh4 Rbb7 36. Nf3 g6 37. Nd2 a5 38. Nb3 axb4 39. axb4 Ke7 40. Na5 Rb8 41. Rc7 Rxc7 42. Rxc7 Kd8 43. Ra7 Ke8 44. Nb7 Ke7 45. Nc5 Rd8 46. Kf2 Ke8 47. Kf3 Ke7 48. g4 fxg4+ 49. Kxg4 Ke8 50. Kg5 Bc6 51. Nxe6 Rc8 52. g4 1-0

[Event "Rhein Main op 10th"]
[Site "Bad Homburg"]
[Date "2007.06.10"]
[Round "7"]
[White "Ploetz, Hans Juergen"]
[Black "Fritsche, Rainer"]
[Result "1/2-1/2"]
[WhiteElo "1358"]
[BlackElo "1234"]
[PlyCount "112"]
[EventDate "2007.06.06"]
[EventType "swiss"]
[EventRounds "7"]
[EventCountry "GER"]
[SourceTitle "EXT 2008"]
[Source "ChessBase"]
[SourceDate "2007.11.25"]
[SourceVersion "1"]
[SourceVersionDate "2007.11.25"]
[SourceQuality "1"]

1. d4 Nf6 2. Nf3 d5 3. Bf4 Bf5 4. e3 Nbd7 5. h3 h6 6. c4 c6 7. Nc3 e6 8. a3 Ne4 9. Nxe4 Bxe4 10. Be2 Nf6 11. cxd5 exd5 12. 0-0 Bd6 13. Ne5 0-0 14. Bh2 Re8 15. Nd3 Bxh2+ 16. Kxh2 Rb8 17. Qa4 Bxd3 18. Bxd3 Qb6 19. Qc2 Qc7+ 20. Kg1 Qd6 21. Rac1 Re7 22. Qb1 b6 23. Rc2 c5 24. dxc5 bxc5 25. Rfc1 Qb6 26. Qa2 Qb3 27. Qxb3 Rxb3 28. Be2 d4 29. Bc4 Rb8 30. exd4 cxd4 31. b4 Kf8 32. Bd3 g6 33. Kf1 Kg7 34. Rc7 Rb7 35. Rxb7 Rxb7 36. Rc4 h5 37. Rxd4 Rd7 38. Rxd7 Nxd7 39. Ke2 Nb6 40. Bc2 f6 41. Bb3 g5 42. g4 hxg4 43. hxg4 Nc8 44. Ke3 Nd6 45. a4 Kf8 46. Kd4 Ke7 47. Bd5 Nc8 48. a5 Kd6 49. Bb7 Ne7 50. b5 Kc7 51. a6 Kb6 52. Kc4 f5 53. f3 fxg4 54. fxg4 Ng6 55. Be4 Ne5+ 56. Kb4 Nxg4 1/2-1/2

[Event "Rhein Main op 10th"]
[Site "Bad Homburg"]
[Date "2007.06.08"]
[Round "4"]
[White "Hoffmann, Frank"]
[Black "Fritsche, Rainer"]
[Result "1-0"]
[WhiteElo "1380"]
[BlackElo "1234"]
[PlyCount "61"]
[EventDate "2007.06.06"]
[EventType "swiss"]
[EventRounds "7"]
[EventCountry "GER"]
[SourceTitle "EXT 2008"]
[Source "ChessBase"]
[SourceDate "2007.11.25"]
[SourceVersion "1"]
[SourceVersionDate "2007.11.25"]
[SourceQuality "1"]

1. e4 c5 2. c3 Nf6 3. e5 Nd5 4. Nf3 a6 5. d4 cxd4 6. cxd4 Nc6 7. Bc4 e6 8. 0-0 Nc7 9. Nc3 b5 10. Bb3 Be7 11. a3 Bb7 12. d5 exd5 13. Nxd5 h6 14. Nxe7 Qxe7 15. Re1 Ne6 16. Bc2 Rc8 17. b4 Nb8 18. Ra2 Bc6 19. Bb1 Bb7 20. Rd2 Rc7 21. Bb2 0-0 22. Rd6 Rd8 23. Qd3 g6 24. Bc1 Kg7 25. Qd2 Rh8 26. Qd3 Bxf3 27. Qxf3 g5 28. Bb2 h5 29. Qd3 Kg8 30. Re3 h4 31. Rf3 1-0

[Event "Rhein Main op 10th"]
[Site "Bad Homburg"]
[Date "2007.06.07"]
[Round "2"]
[White "Guenzler, Richard"]
[Black "Fritsche, Rainer"]
[Result "1-0"]
[WhiteElo "1774"]
[BlackElo "1234"]
[PlyCount "101"]
[EventDate "2007.06.06"]
[EventType "swiss"]
[EventRounds "7"]
[EventCountry "GER"]
[SourceTitle "EXT 2008"]
[Source "ChessBase"]
[SourceDate "2007.11.25"]
[SourceVersion "1"]
[SourceVersionDate "2007.11.25"]
[SourceQuality "1"]

1. Nf3 d5 2. d4 Nf6 3. g3 Bf5 4. Bg2 Nbd7 5. c4 c6 6. Nc3 e6 7. 0-0 Be7 8. Nd2 0-0 9. e4 dxe4 10. Ndxe4 Nxe4 11. Nxe4 Nf6 12. Nc5 Bxc5 13. dxc5 Qxd1 14. Rxd1 Rfd8 15. Bf4 Ne4 16. Bd6 Rac8 17. f3 Nf6 18. Rac1 Rd7 19. Rd2 Rcd8 20. Rcd1 h6 21. b4 a6 22. a4 Ne8 23. Bf1 Nxd6 24. Rxd6 Rxd6 25. Rxd6 Rxd6 26. cxd6 Kf8 27. c5 e5 28. b5 axb5 29. axb5 Bd7 30. b6 Be6 31. Bd3 Ke8 32. Be4 Kd7 33. Kf2 f5 34. Bc2 g5 35. h3 h5 36. Bd1 f4 37. h4 gxh4 38. gxf4 exf4 39. Kg2 Bf5 40. Be2 Be6 41. Kh2 Kd8 42. Bf1 Bd5 43. Bg2 Be6 44. Bh3 Bd5 45. Kg2 Bf7 46. Kf2 Bg6 47. Be6 Ke8 48. Bc8 Bc2 49. Bxb7 Kd7 50. Ba6 h3 51. b7 1-0

[Event "Korbach Herbst op"]
[Site "Korbach"]
[Date "2006.10.21"]
[Round "2"]
[White "Fritsche, Rainer"]
[Black "Zhang, Chen Xiang"]
[Result "0-1"]
[WhiteElo "1314"]
[BlackElo "1096"]
[PlyCount "60"]
[EventDate "2006.10.20"]
[EventType "swiss"]
[EventRounds "5"]
[EventCountry "GER"]
[SourceTitle "CBM 115 Extra"]
[Source "ChessBase"]
[SourceDate "2007.01.10"]
[SourceVersion "1"]
[SourceVersionDate "2007.01.10"]
[SourceQuality "1"]

1. d4 Nf6 2. Nf3 d5 3. c4 e6 4. Bg5 Be7 5. Nc3 Nbd7 6. e3 c6 7. Bd3 dxc4 8. Bxc4 b5 9. Bd3 h6 10. Bxf6 Nxf6 11. 0-0 0-0 12. a3 Bb7 13. Rc1 Qc7 14. Nxb5 Qb6 15. Qe2 cxb5 16. Bxb5 Bxf3 17. gxf3 Rab8 18. a4 Rfc8 19. Rc2 a6 20. Rxc8+ Rxc8 21. Bxa6 Rd8 22. Bc4 Qa5 23. b3 Bd6 24. f4 g5 25. Rd1 gxf4 26. exf4 Bxf4 27. Qf3 Bg5 28. Kh1 Nd5 29. Qe4 Nc3 30. Qe1 Qa8+ 0-1

[Event "Hessen-chB"]
[Site "Marburg"]
[Date "2006.04.13"]
[Round "5.37"]
[White "Mook, Karl Juergen"]
[Black "Fritsche, Rainer"]
[Result "1/2-1/2"]
[WhiteElo "1325"]
[BlackElo "1315"]
[PlyCount "83"]
[EventDate "2006.04.13"]
[EventType "swiss"]
[EventRounds "7"]
[EventCountry "GER"]
[SourceTitle "EXT 2007"]
[Source "ChessBase"]
[SourceDate "2006.11.23"]
[SourceVersion "1"]
[SourceVersionDate "2006.11.23"]
[SourceQuality "1"]

1. Nf3 Nf6 2. g3 d5 3. Bg2 c5 4. d3 Nc6 5. 0-0 h6 6. Nbd2 e6 7. c3 Be7 8. e4 dxe4 9. dxe4 e5 10. Re1 0-0 11. Nf1 Be6 12. h3 Qxd1 13. Rxd1 Rad8 14. Bd2 Nxe4 15. Nxe5 Nxe5 16. Bxe4 Bxh3 17. Bf4 Ng6 18. Bc7 Rxd1 19. Rxd1 Rc8 20. Bxg6 Rxc7 21. Be4 Bxf1 22. Kxf1 Kf8 23. c4 b6 24. Rd5 Ke8 25. Bf5 Bf6 26. b3 Ke7 27. Ke2 Bd4 28. f4 g6 29. Bh3 Kf8 30. Rd7 Rxd7 31. Bxd7 Ke7 32. Bh3 f6 33. g4 g5 34. f5 Kd6 35. Kf3 Ke5 36. Bf1 Ba1 37. Ke3 Bb2 38. Be2 Bc1+ 39. Kd3 Kf4 40. Bd1 Bb2 41. Be2 Be5 42. Bd1 1/2-1/2